Pramukh Sufi Sant Kavi Aur Unki Rachnayen (Record no. 48465)

MARC details
000 -LEADER
fixed length control field 00387nam a22001457a 4500
003 - CONTROL NUMBER IDENTIFIER
control field OSt
008 - FIXED-LENGTH DATA ELEMENTS--GENERAL INFORMATION
fixed length control field 250716b |||||||| |||| 00| 0 eng d
020 ## - INTERNATIONAL STANDARD BOOK NUMBER
International Standard Book Number 9789383964000
082 ## - DEWEY DECIMAL CLASSIFICATION NUMBER
Classification number 891.43103
Item number V52P
100 ## - MAIN ENTRY--PERSONAL NAME
Personal name Dr. Jitendra Verma
245 ## - TITLE STATEMENT
Title Pramukh Sufi Sant Kavi Aur Unki Rachnayen
260 ## - PUBLICATION, DISTRIBUTION, ETC. (IMPRINT)
Place of publication, distribution, etc New Delhi
Name of publisher, distributor, etc Archna Pub. nd Distributer
Date of publication, distribution, etc 2025
300 ## - PHYSICAL DESCRIPTION
Extent v,152p
942 ## - ADDED ENTRY ELEMENTS (KOHA)
Source of classification or shelving scheme
Koha item type Hindi Books
Holdings
Withdrawn status Lost status Source of classification or shelving scheme Damaged status Not for loan Home library Current library Date acquired Source of acquisition Total Checkouts Full call number Barcode Date last seen Bill Date Koha item type
          Dr. Rajendra Prasad Central Agricultural University Pusa, Dr. Rajendra Prasad Central Agricultural University Pusa, 16/07/2025 DPS, New Delhi   891.43103 V52P 82774 16/07/2025 16/07/2025 Hindi Books
Hosted, Implemented, Customized & Maintained by: BestBookBuddies

Powered by Koha